[Event "SVK-chT2D 0809"]
[Site "Slovakia"]
[Date "2008.11.09"]
[Round "4.5"]
[White "Regec, Viliam"]
[Black "Molnar, Peter"]
[Result "1/2-1/2"]
[WhiteElo "2190"]
[BlackElo "2297"]
[PlyCount "115"]
[EventDate "2008.10.11"]
[EventType "team-tourn"]
[EventRounds "11"]
[EventCountry "SVK"]
[SourceTitle "EXT 2010"]
[Source "ChessBase"]
[SourceDate "2010.11.25"]
[SourceVersion "1"]
[SourceVersionDate "2010.11.25"]
[SourceQuality "1"]
[WhiteTeam "Gelnica Slovan"]
[BlackTeam "Kosice Akademik"]
[WhiteTeamCountry "SVK"]
[BlackTeamCountry "SVK"]

1. e4 c5 2. Nf3 d6 3. d3 Nf6 4. c3 g6 5. Qc2 Bg7 6. Be2 0-0 7. Nbd2 Nc6 8. Nf1 Rb8 9. Ng3 Bg4 10. Bd2 b5 11. h3 Bxf3 12. Bxf3 b4 13. 0-0 Nd7 14. Bd1 Rb6 15. Ne2 Qb8 16. c4 Nd4 17. Nxd4 Bxd4 18. Qc1 Ra6 19. Be3 Qc7 20. Qd2 Bg7 21. f4 Nb8 22. Kh1 Nc6 23. Bb3 Bd4 24. f5 Bxe3 25. Qxe3 Kg7 26. h4 f6 27. Rae1 Ne5 28. Qg3 Rb6 29. Re3 Rbb8 30. Qf4 Rg8 31. Rg3 Kh8 32. Qe3 gxf5 33. Rxg8+ Rxg8 34. Rxf5 Qc8 35. Bd1 Rg7 36. Rf2 Qa6 37. b3 Qb6 38. Qf3 Qd8 39. Be2 Qg8 40. Kh2 a5 41. g3 Qe8 42. Qf5 Rg8 43. Rg2 a4 44. g4 axb3 45. axb3 Qc8 46. Qf4 Qe6 47. Kh3 Ra8 48. Qd2 Nc6 49. Bd1 Ra1 50. Kh2 Qe5+ 51. Kh3 Ra8 52. g5 Rg8 53. g6 Rxg6 54. Rxg6 hxg6 55. Qh6+ Kg8 56. Qxg6+ Kf8 57. Bg4 Qf4 58. Qh5 1/2-1/2

[Event "SVK-chT2D 0809"]
[Site "Slovakia"]
[Date "2008.11.08"]
[Round "3.6"]
[White "Mazur, Stefan"]
[Black "Regec, Viliam"]
[Result "1-0"]
[WhiteElo "2255"]
[BlackElo "2190"]
[PlyCount "56"]
[EventDate "2008.10.11"]
[EventType "team-tourn"]
[EventRounds "11"]
[EventCountry "SVK"]
[SourceTitle "EXT 2010"]
[Source "ChessBase"]
[SourceDate "2010.11.25"]
[SourceVersion "1"]
[SourceVersionDate "2010.11.25"]
[SourceQuality "1"]
[WhiteTeam "Michalovce Zemplin II"]
[BlackTeam "Gelnica Slovan"]
[WhiteTeamCountry "SVK"]
[BlackTeamCountry "SVK"]

1. e4 e5 2. Nf3 d6 3. d4 Nd7 4. Bc4 c6 5. 0-0 Be7 6. dxe5 dxe5 7. Ng5 Bxg5 8. Qh5 Qe7 9. Qxg5 Qxg5 10. Bxg5 Nc5 11. Nd2 Be6 12. Be3 Bxc4 13. Nxc4 Nxe4 14. Rfe1 f6 15. Rad1 b6 16. f3 Nc5 17. Bxc5 bxc5 18. f4 Rd8 19. Nd6+ Kf8 20. fxe5 fxe5 21. Rxe5 h5 22. Rxc5 Rh6 23. Rf1+ Rf6 24. Rxc6 Ne7 25. Rxf6+ gxf6 26. Ra6 Rd7 27. c4 Rc7 28. b3 Kg7 1-0

[Event "SVK-chT2D 0708"]
[Site "Slovakia"]
[Date "2008.03.12"]
[Round "11.1"]
[White "Regec, Viliam"]
[Black "Ackerman, Ernest"]
[Result "1/2-1/2"]
[WhiteElo "2210"]
[BlackElo "2177"]
[PlyCount "85"]
[EventDate "2007.10.06"]
[EventType "team-tourn"]
[EventRounds "11"]
[EventCountry "SVK"]
[SourceTitle "EXT 2010"]
[Source "ChessBase"]
[SourceDate "2010.11.25"]
[SourceVersion "1"]
[SourceVersionDate "2010.11.25"]
[SourceQuality "1"]
[WhiteTeam "Gelnica Slovan"]
[BlackTeam "Kosice Dynamo"]
[WhiteTeamCountry "SVK"]
[BlackTeamCountry "SVK"]

1. e4 c5 2. Nf3 d6 3. c3 Nf6 4. d3 e6 5. Be2 Be7 6. Qc2 Nc6 7. Nbd2 e5 8. Nf1 d5 9. Ng3 d4 10. c4 a6 11. Bd2 h5 12. h3 h4 13. Nf1 Nh7 14. N1h2 Qd6 15. Ng4 f5 16. exf5 Bxf5 17. 0-0 Rd8 18. Ne1 Qg6 19. f4 0-0 20. Qd1 e4 21. dxe4 Bxe4 22. Bf3 Bd6 23. Bxe4 Qxe4 24. Nf3 Bxf4 25. Bxf4 Qxf4 26. Nxh4 Qxf1+ 27. Qxf1 Rxf1+ 28. Rxf1 Re8 29. Nf3 b5 30. Rc1 b4 31. Kf2 Kf7 32. Rc2 Nf6 33. Nxf6 Kxf6 34. g4 Ne5 35. Ne1 Kg5 36. Re2 Rf8+ 37. Kg2 Nxc4 38. Re6 Ne3+ 39. Kg3 Nf1+ 40. Kg2 Ne3+ 41. Kg3 Nf1+ 42. Kg2 Ne3+ 43. Kg3 1/2-1/2